Life Ball Knowledge Test 2 - Statistics

General Stats
  • This quiz has been taken 41 times
  • The average score is 20 of 25
Answer Stats
Hint Answer % Correct
What is the largest 4 digit number? 9999
94%
Name a country that borders China. Afghanistan| Bhutan| India| Kazakhstan| Kyrgyzstan| Laos| Mongolia| Myanmar| Nepal| North Korea| Pakistan| Russia| Tajikistan| Vietnam
94%
Name a country in North America besides Canada, Mexico, or the U.S. Belize| Costa Rica| El Salvador| Guatemala| Honduras| Nicaragua| Panama| Antigua and Barbuda| Bahamas| Barbados| Cuba| Dominica| Dominican Republic| Grenada| Haiti| Jamaica| Saint Kitts and Nevis| Saint Lucia| Saint Vincent and the Grenadines| Trinidad and Tobago
94%
Who "discovered" gravity from an apple falling on his head? Isaac Newton
94%
What U.S. city is nicknamed the big apple? New York
94%
What animal does pork come from? Pig
94%
What empire did Julius Caesar rule? Roman
94%
How many cards are in a deck? 52
91%
What day is commonly celebrated as the birth of Jesus? Christmas| December 25th
91%
Who was the first man to step foot on the moon? Neil Armstrong
91%
What does www stand for? World Wide Web
88%
What insect turns into a butterfly? Caterpillar
85%
What president had an inappropriate relationship with Monica Lewinsky? Bill Clinton
82%
What profession is described as; skilled in cutting, preparing, and selling meat? Butcher
82%
Where is the oval office located? White House
82%
What do the first 3 digits of a phone number represent? Area code
79%
What part of the car measures speed? Speedometer
76%
Who typically bangs a gavel? Judge
73%
how many bones does a normal adult have? 206
70%
What female pilot died trying to circumnavigate the globe? Amelia Earhart
70%
What does H.R. stand for? Human Resources
70%
What prime minister led the U.K. during WWII? Winston Churchill
67%
What does the Scoville scale measure? Spice
61%
This NBA team can be found on a pair of boots. Spurs
48%
What is vodka typically made out of? Potatoes| Wheat| Rye| Barley| Corn
42%
No matching quizzes found
Score Distribution
Percent of People with Each Score
Percentile by Number Answered
Your Score History
You have not taken this quiz